Gaming Quiz

Random Gaming or Video Games Quiz

Video Game Memes Quiz Stats

 Plays Quiz Updated Nov 13, 2018

Support Sporcle.
Go Orange.
Score 0/18 Timer 05:00
10 Plays Today
Beginning End % Correct
FALCON _______PAWNCH!
85.7%
LEEROOOOOOOOOOOY ______JEEEEEEEENKIIIIIIIIIIINS!!!
81.5%
The cake is ______a lie
75.3%
Do a ______barrel roll!
74.4%
All your base ______are belong to us
67.6%
Thank you Mario! But ______our princess is in another castle!
53.4%
It's dangerous to go alone. ______Take this!
52.8%
BOOM! ______HEADSHOT!
51.4%
So I herd u liek ______mudkipz
49.7%
Beginning End % Correct
I AM ______ERROR
20.7%
Giant Enemy ______Crab
18.8%
You spoony ______bard!
18.7%
What is a man? ______A miserable little pile of secrets!
12%
I can't wait to ______bomb some Dodongos!
10.5%
Be polite. Be efficient. ______Have a plan to kill everyone you meet.
9.3%
Protip: To defeat the Cyberdemon, ______shoot it until it dies
6%
I, Garland, will ______knock you all down!
5.5%
Uh-oh! The truck ______have started to move!
5.4%

From the Vault

-Stan Countries: North to South

by Cutthroat

Be sure to -stan by your choices, right or wrong.
Remove Ads.
Support Sporcle.
Get the best of Sporcle when you Go Orange. This ad-free experience offers more features, more stats, and more fun while also helping to support Sporcle. Thank you for becoming a member.

Show Comments

Extras

Top Quizzes Today


Score Distribution

Your Account Isn't Verified!

In order to create a playlist on Sporcle, you need to verify the email address you used during registration. Go to your Sporcle Settings to finish the process.

Report this User

Report this user for behavior that violates our Community Guidelines.

Details: